| 000 | 00708nam a2200229 u 4500 | ||
|---|---|---|---|
| 005 | 20210223130414.0 | ||
| 008 | 080311s2004 r 000 0 eng d | ||
| 020 | _a9700319830 | ||
| 035 | _aUPN01000154989 | ||
| 049 | _aI | ||
| 050 | 4 |
_aQK49 _bM2.3 |
|
| 100 | 1 |
_aMcEvoy, Paul _933661 |
|
| 245 | 1 | 0 |
_aFlores / _cPaul McEvoy ; tr. Ma. Andrea Giovine. |
| 260 |
_aMéxico : _bCalandria, _c2004. |
||
| 300 |
_a24 p. : _bil. col. |
||
| 440 | 0 | _a8+ Lecturas intermedias para niños | |
| 500 | _a"Serie recomendada para niños de 8 en adelante" | ||
| 534 |
_pTraducción de: _tFlowers |
||
| 650 | 4 |
_aFLORES - _vLITERATURA JUVENIL _911915 |
|
| 650 | 4 |
_aBOTANICA - _vLITERATURA JUVENIL _9887 |
|
| 905 | _aInfantil | ||
| 999 |
_c127105 _d127105 |
||